[Event "Nikaia op-A 20th"]
[White "Kalodoukas, Odysseas"]
[Black "Zervogiannis, Alexandros"]
[Site "Nikea"]
[Round "9.27"]
[Result "1-0"]
[Date "2012.09.02"]
[WhiteElo "1850"]
[BlackElo "1767"]
[PlyCount "25"]
[EventDate "2012.08.26"]
[EventType "swiss"]
[EventRounds "9"]
[EventCountry "GRE"]
[SourceTitle "EXT 2024"]
[Source "ChessBase"]
[SourceDate "2023.10.10"]
[SourceVersion "1"]
[SourceVersionDate "2023.10.10"]
[SourceQuality "1"]

1. d4 Nf6 2. c4 g6 3. Nc3 Bg7 4. e4 d6 5. Be2 0-0 6. f4 c5 7. Nf3 cxd4 8. Nxd4 Nc6 9. Be3 Qb6 10. Nc2 Qa5 11. 0-0 Be6 12. Nd4 Bg4 13. Nxc6 1-0

[Event "Aegean op 33rd"]
[White "Simeonidis, Ioannis"]
[Black "Zervogiannis, Alexandros"]
[Site "Aghios Kirykos"]
[Round "2"]
[Result "1-0"]
[Date "2010.07.14"]
[WhiteElo "2259"]
[BlackElo "1761"]
[PlyCount "57"]
[EventDate "2010.07.13"]
[EventType "swiss"]
[EventRounds "9"]
[EventCountry "GRE"]
[SourceTitle "CBM 137 Extra"]
[Source "ChessBase"]
[SourceDate "2010.09.01"]
[SourceVersion "1"]
[SourceVersionDate "2010.09.01"]
[SourceQuality "1"]

1. Nf3 Nf6 2. c4 c5 3. Nc3 g6 4. d4 cxd4 5. Nxd4 Qb6 6. e4 d6 7. Be2 Bg7 8. Nb3 Nc6 9. 0-0 0-0 10. Be3 Qd8 11. f3 Bd7 12. Qd2 Rc8 13. Rac1 Ne8 14. Rfd1 f5 15. c5 Kh8 16. cxd6 Nxd6 17. Nc5 Ne5 18. Nxd7 Nxd7 19. exf5 Rxf5 20. b3 Nb6 21. f4 Rf8 22. Bg4 Nf5 23. Qxd8 Rfxd8 24. Rxd8+ Rxd8 25. Bxf5 gxf5 26. Nb5 Nd5 27. Rd1 a6 28. Nc7 Rd7 29. Rxd5 1-0